[Event "European Rapid 2017"]
[Site "Katowice POL"]
[Date "2017.12.16"]
[Round "4.68"]
[White "Rausis, Igors"]
[Black "Gumula, Daniel"]
[Result "1-0"]
[WhiteTitle "GM"]
[BlackTitle "FM"]
[WhiteElo "2632"]
[BlackElo "2218"]
[WhiteFideId "11600098"]
[BlackFideId "1123122"]
[EventDate "2017.12.16"]

1. Nf3 e6 2. g3 g5 3. d4 g4 4. Ne5 h5 5. Qd3 Bg7 6. Nc3 d6 7. Nc4 Nc6 8. d5 Nb4
9. Qd2 Ne7 10. Ne3 Nexd5 11. Ncxd5 Nxd5 12. Nxd5 exd5 13. Qxd5 c6 14. Qd3 Qa5+
15. Bd2 Qf5 16. e4 Qe6 17. O-O-O Qxa2 18. c3 Qa1+ 19. Qb1 Qxb1+ 20. Kxb1 Be6 21.
Bg5 Be5 22. h3 f6 23. Be3 Ke7 24. Be2 a6 25. Rh2 h4 26. hxg4 d5 27. f4 Bc7 28.
exd5 Bxd5 29. Rxh4 Be4+ 30. Kc1 Rag8 31. Bc5+ Ke8 32. Rxh8 Rxh8 33. Re1 Kd8 34.
Bc4 Bd5 35. Bxd5 cxd5 36. Be7+ Kd7 37. Bxf6 Rh2 38. g5 Rg2 39. Re7+ Kc6 40. Re3 1-0

[Event "European Rapid 2017"]
[Site "Katowice POL"]
[Date "2017.12.16"]
[Round "4.69"]
[White "Sammalvuo, Tapani"]
[Black "Markiewicz, Jerzy"]
[Result "1/2-1/2"]
[WhiteTitle "IM"]
[BlackTitle "FM"]
[WhiteElo "2416"]
[BlackElo "2170"]
[WhiteFideId "501115"]
[BlackFideId "1101005"]
[EventDate "2017.12.16"]

1. d4 Nf6 2. c4 g6 3. Nc3 Bg7 4. e4 O-O 5. Be2 d6 6. Nf3 e5 7. O-O Nbd7 8. Be3
Ng4 9. Bg5 f6 10. Bd2 c6 11. d5 c5 12. Ne1 Nh6 13. Nd3 a6 14. Rb1 f5 15. f4 Qe7
16. fxe5 Nxe5 17. Nxe5 Bxe5 18. g3 Ng4 19. Bxg4 fxg4 20. Rxf8+ Qxf8 21. Kg2 Bd7
22. Qe2 Qg7 23. Rf1 Rf8 24. Rxf8+ Qxf8 25. Nd1 b5 26. Bc3 Qf6 27. Qf2 Bxc3 28.
bxc3 Qe5 29. Qf4 Qe7 30. Nf2 h5 31. Nd1 Kg7 32. Ne3 Qf6 33. Kf2 Qxc3 34. Qxd6
Qd2+ 35. Kf1 Qd3+ 36. Kf2 Qd2+ 37. Kf1 1/2-1/2

[Event "European Rapid 2017"]
[Site "Katowice POL"]
[Date "2017.12.16"]
[Round "4.70"]
[White "Kovalev, Denis"]
[Black "Cechura, Petr"]
[Result "1-0"]
[WhiteTitle "IM"]
[WhiteElo "2504"]
[BlackElo "2180"]
[WhiteFideId "14104059"]
[BlackFideId "314846"]
[EventDate "2017.12.16"]

1. c4 e5 2. Nc3 Nc6 3. g3 Nf6 4. Bg2 g6 5. Rb1 a5 6. a3 Bg7 7. Nf3 O-O 8. d3 d6
9. b4 axb4 10. axb4 h6 11. b5 Ne7 12. Bb2 Be6 13. O-O c6 14. bxc6 bxc6 15. c5
dxc5 16. Nxe5 Qc7 17. Nc4 Rfd8 18. Qc2 Ned5 19. Ne4 Nb4 20. Nxf6+ Bxf6 21. Qc1
Bg7 22. Qe3 Qe7 23. Bxg7 Kxg7 24. Rfc1 Ra2 25. Rb2 Rxb2 26. Nxb2 Qf6 27. Na4 c4
28. dxc4 Bxc4 29. Rxc4 Qa1+ 30. Bf1 Qxa4 31. Qc3+ Kg8 32. Rxb4 1-0

[Event "European Rapid 2017"]
[Site "Katowice POL"]
[Date "2017.12.16"]
[Round "4.71"]
[White "Montilla Carrillo, Esteban"]
[Black "Sergeev, Vladimir"]
[Result "0-1"]
[WhiteTitle "FM"]
[BlackTitle "GM"]
[WhiteElo "2233"]
[BlackElo "2406"]
[WhiteFideId "2208261"]
[BlackFideId "14101076"]
[EventDate "2017.12.16"]

1. d4 d6 2. e4 Nf6 3. Nc3 Nbd7 4. Bc4 c6 5. Bb3 e5 6. Nf3 Be7 7. O-O O-O 8. Re1
b5 9. a3 a6 10. Bg5 h6 11. Bh4 Nh5 12. Bxe7 Qxe7 13. dxe5 dxe5 14. Nd2 Nf4 15.
Nf1 Nc5 16. Ba2 Rd8 17. Qf3 Nce6 18. Bxe6 Nxe6 19. Qg3 Nd4 20. Ne3 Qf6 21. Na2
Be6 22. Nb4 Qf4 23. f3 a5 24. Nd3 Qxg3 25. hxg3 Nxc2 26. Nxc2 Rxd3 27. Re2 c5
28. Ne3 c4 29. Rc1 Rc8 30. Kf2 Kf8 31. Rec2 Rb3 32. g4 Rd8 33. Ke2 Rdd3 34. Nf1
Rd4 35. Nd2 Rbd3 36. Ke1 Ke7 37. a4 c3 38. bxc3 Rxa4 39. Rb1 Bd7 40. Nb3 Rc4 41.
Nxa5 Rcxc3 42. Rcb2 Rd4 43. Nb3 Rb4 44. Kd2 Rc8 45. Nc1 Rd4+ 46. Nd3 Kf6 47. Rb3
Be6 48. Ra3 Bc4 49. Ke3 Bxd3 50. Rxd3 Rxd3+ 51. Kxd3 Rc5 52. g3 Kg5 53. Rb3 f6
54. Ke3 Kg6 55. Kd3 Kf7 56. Ke3 Ke6 57. Kd3 Kd6 58. Rb1 Kc6 59. Rb2 Kb6 60. Rb1
Rc4 61. f4 Kc5 62. fxe5 fxe5 63. Ra1 Rd4+ 64. Ke3 b4 65. Ra5+ Kc4 66. Rxe5 Rd3+
67. Kf4 b3 68. Re7 b2 69. Rc7+ Kb3 70. Rb7+ Kc2 71. Rxb2+ Kxb2 72. e5 Kc3 73. e6
Kd4 74. Kf5 Re3 0-1

[Event "European Rapid 2017"]
[Site "Katowice POL"]
[Date "2017.12.16"]
[Round "4.72"]
[White "Skreno, Vladimir"]
[Black "Batsiashvili, Nino"]
[Result "1/2-1/2"]
[BlackTitle "IM"]
[WhiteElo "2175"]
[BlackElo "2502"]
[WhiteFideId "14902893"]
[BlackFideId "13602993"]
[EventDate "2017.12.16"]

1. d4 d5 2. Nf3 Nf6 3. c4 e6 4. Bg5 Bb4+ 5. Bd2 Be7 6. Nc3 O-O 7. Rc1 Nbd7 8.
cxd5 exd5 9. Bg5 c6 10. e3 Re8 11. Be2 Ne4 12. Nxe4 dxe4 13. Bxe7 Qxe7 14. Nd2
Qg5 15. O-O Re6 16. Re1 Rg6 17. g3 Nf6 18. Rc5 Bf5 19. Qb3 Nd5 20. Qxb7 Re8 21.
Nf1 Bc8 22. Qxa7 Rf6 23. Rc2 Qf5 24. Bd1 Nb4 25. Rd2 Nd3 26. Ree2 Qh3 27. Rxd3
exd3 28. Rd2 Be6 29. e4 Bg4 30. Rxd3 Bxd1 31. Rxd1 h5 32. e5 Rh6 33. Qa3 h4 34.
Qf3 Qe6 35. a3 hxg3 36. fxg3 Qc4 37. Qd3 Qe6 38. Rc1 f6 39. Rc5 fxe5 40. Rxe5
Qf7 41. Qe2 Rf8 42. Re7 Qf5 43. Ne3 Qb1+ 44. Kg2 Rhf6 45. Ng4 Qf1+ 46. Qxf1 Rxf1
47. Rc7 Rb1 48. b4 Ra8 49. Rxc6 Rxa3 50. d5 Rxb4 51. Ne5 Rd4 52. d6 Ra2+ 53. Kh3
Rad2 54. Rc8+ Kh7 55. Nf3 Rxd6 56. Nxd2 Rxd2 57. Rc6 Re2 58. Rc4 Rd2 59. Rh4+
Kg6 60. Rg4+ Kh6 1/2-1/2

[Event "European Rapid 2017"]
[Site "Katowice POL"]
[Date "2017.12.16"]
[Round "4.73"]
[White "Sieciechowicz, Marcin"]
[Black "Stachanczyk, Jacek"]
[Result "1-0"]
[WhiteTitle "IM"]
[BlackTitle "IM"]
[WhiteElo "2387"]
[BlackElo "2209"]
[WhiteFideId "1130170"]
[BlackFideId "1116657"]
[EventDate "2017.12.16"]

1. d4 d5 2. c4 c6 3. Nf3 Nf6 4. Nc3 dxc4 5. a4 Bf5 6. Ne5 Nbd7 7. Nxc4 Nb6 8.
Ne5 a5 9. Bg5 Nfd7 10. Nf3 h6 11. Bh4 Nd5 12. Nxd5 cxd5 13. e3 g5 14. Bg3 e6 15.
Bb5 Bb4+ 16. Nd2 f6 17. h4 Kf7 18. hxg5 hxg5 19. Rxh8 Qxh8 20. Bxd7 Qh1+ 21. Ke2
Qxg2 22. Qf1 Bg4+ 23. Kd3 Bf5+ 24. e4 dxe4+ 25. Kc4 Qxf1+ 26. Nxf1 Rd8 27. Bb5
e5 28. d5 Bg6 29. Ne3 Bd6 30. Kb3 f5 31. Nc4 f4 32. Bh2 Kf6 33. Nxa5 b6 34. Nb7
Rh8 35. Bxf4 exf4 36. Nxd6 Rh2 37. Re1 Rxf2 38. Nxe4+ Bxe4 39. Rxe4 Kf5 40. Bd3 1-0

[Event "European Rapid 2017"]
[Site "Katowice POL"]
[Date "2017.12.16"]
[Round "4.75"]
[White "Rocha, Sergio"]
[Black "Stanisz, Patryk"]
[Result "1-0"]
[WhiteTitle "IM"]
[WhiteElo "2370"]
[BlackElo "2150"]
[WhiteFideId "1900404"]
[BlackFideId "1123106"]
[EventDate "2017.12.16"]

1. d4 d5 2. Nf3 c6 3. Bf4 Nf6 4. h3 g6 5. Nbd2 Bg7 6. e3 O-O 7. Be2 Nbd7 8. O-O
Re8 9. c4 c5 10. Bh2 cxd4 11. Nxd4 a6 12. Rc1 e5 13. N4f3 Qb6 14. cxd5 e4 15.
Nd4 Nxd5 16. Nc4 Qa7 17. Nd6 Rd8 18. N4f5 N7f6 19. Nxg7 Kxg7 20. Qb3 b5 21. Be5
Kg8 22. Nxc8 Raxc8 23. Rfd1 Rxc1 24. Rxc1 Qe7 25. Bd4 Nf4 26. Bf1 Ne6 27. Bb6
Rb8 28. Ba5 Nd7 29. Qd5 Ndc5 30. Bb4 Qb7 31. Rxc5 Nxc5 32. Qxc5 Qb6 33. Qe5 f6
34. Qxe4 Rd8 35. Be2 a5 36. Bc3 Kf7 37. a4 Re8 38. Qd5+ Qe6 39. Qxb5 Kg7 40.
Qxa5 Qa2 41. Qc7+ 1-0

[Event "European Rapid 2017"]
[Site "Katowice POL"]
[Date "2017.12.16"]
[Round "4.76"]
[White "Dragnev, Valentin"]
[Black "Bossy, Arnim"]
[Result "1/2-1/2"]
[WhiteTitle "IM"]
[WhiteElo "2458"]
[BlackElo "2181"]
[WhiteFideId "1634852"]
[BlackFideId "4669100"]
[EventDate "2017.12.16"]

1. e4 d5 2. exd5 Nf6 3. d4 Bg4 4. f3 Bf5 5. c4 e6 6. dxe6 Nc6 7. Be3 Qe7 8. Nc3
O-O-O 9. Nge2 Nb4 10. Ng3 Nc2+ 11. Kf2 Nxe3 12. Kxe3 Qxe6+ 13. Kf2 Bc5 14. dxc5
Rxd1 15. Rxd1 Re8 16. Be2 Qe3+ 17. Kf1 Bc2 18. Re1 Qxc5 19. h4 h5 20. Rh3 Qb6
21. b3 Qe3 22. Nge4 Bxe4 23. fxe4 Qc5 24. Bf3 Ng4 25. Bxg4+ hxg4 26. Rg3 f5 27.
exf5 Rxe1+ 28. Kxe1 Qe5+ 29. Ne2 Qxf5 30. a4 Qh5 31. Re3 Qxh4+ 32. g3 Qf6 33.
Nf4 c6 34. Ne6 Qa1+ 35. Kf2 Qb2+ 36. Kf1 Qb1+ 37. Kf2 Qb2+ 38. Kf1 Qb1+ 39. Kf2
Qb2+ 40. Kf1 Qb1+ 1/2-1/2

[Event "European Rapid 2017"]
[Site "Katowice POL"]
[Date "2017.12.16"]
[Round "4.77"]
[White "Gayson, Peter M"]
[Black "Tomczak, Mikolaj"]
[Result "0-1"]
[BlackTitle "FM"]
[WhiteElo "2145"]
[BlackElo "2372"]
[WhiteFideId "401838"]
[BlackFideId "1175114"]
[EventDate "2017.12.16"]

1. e4 c5 2. Nf3 e6 3. d4 cxd4 4. Nxd4 Nf6 5. Nc3 d6 6. f4 a6 7. Be2 Nbd7 8. O-O
b5 9. Bf3 Bb7 10. e5 Bxf3 11. Nxf3 Ng4 12. exd6 Qb6+ 13. Qd4 Bxd6 14. Qxb6 Nxb6
15. Ne4 Be7 16. h3 Nf6 17. Nxf6+ Bxf6 18. Ne5 O-O 19. Be3 Bxe5 20. fxe5 Nc4 21.
Bd4 Rfd8 22. Rad1 Rd5 23. b3 Nxe5 24. Bxe5 Rxe5 25. Rd7 Rf8 26. Ra7 Rc5 27. Rf2
Rc6 28. Rd2 g5 29. Rdd7 Kg7 30. c4 bxc4 31. bxc4 Kg6 32. Rdc7 Rxc7 33. Rxc7 Rb8
34. Ra7 Rb1+ 35. Kh2 Rb4 36. Rxa6 Rxc4 37. a4 h5 38. Kg3 h4+ 39. Kf3 Kf6 40. a5
Ra4 41. Ra7 e5 42. a6 Ke6 43. Ra8 Kf5 44. Ke3 Ra2 45. a7 Ra3+ 46. Ke2 Kf4 47.
Kd2 e4 48. Ke2 Ra2+ 49. Kf1 f5 50. Ke1 Ke3 51. Kd1 f4 52. Rg8 Rxa7 53. Rxg5 f3
54. gxf3 exf3 55. Re5+ Kf2 56. Re8 Rd7+ 57. Kc2 Kg2 58. Rf8 f2 59. Rg8+ Kxh3 60.
Rf8 Kg2 61. Rg8+ Kf1 62. Rh8 Rd5 63. Rxh4 Kg2 64. Rg4+ Kf3 0-1

[Event "European Rapid 2017"]
[Site "Katowice POL"]
[Date "2017.12.16"]
[Round "4.78"]
[White "Przybylski, Wojciech"]
[Black "Frink, Ferenc"]
[Result "1-0"]
[WhiteTitle "FM"]
[BlackTitle "FM"]
[WhiteElo "2320"]
[BlackElo "2106"]
[WhiteFideId "1117599"]
[BlackFideId "704946"]
[EventDate "2017.12.16"]

1. e4 Nc6 2. Nf3 e6 3. d4 d6 4. Nc3 Bd7 5. Bf4 h6 6. d5 Nce7 7. dxe6 Bxe6 8. Nd4
Bd7 9. Bc4 Ng6 10. Be3 Nf6 11. h3 Bc6 12. O-O Be7 13. Nxc6 bxc6 14. f4 O-O 15.
Qf3 Re8 16. Rad1 Qb8 17. Bb3 Qb4 18. a3 Qa5 19. Bf2 Rab8 20. Rfe1 Bf8 21. Bd4
Qh5 22. g4 Qa5 23. Bf2 Nd7 24. Rb1 Re7 25. Bc4 Rbe8 26. b4 Nde5 27. Qg3 Qxa3 28.
fxe5 Nxe5 29. Rb3 Nxc4 30. Rxa3 Nxa3 31. Qd3 d5 32. Nxd5 cxd5 33. Qxa3 c6 34. e5
Rb7 35. Bc5 Bxc5+ 36. bxc5 Reb8 37. Qa6 Rb2 38. Qxa7 R8b4 39. Qc7 Rxc2 40. Qc8+
Kh7 41. Qf5+ 1-0

[Event "European Rapid 2017"]
[Site "Katowice POL"]
[Date "2017.12.16"]
[Round "4.79"]
[White "Motycakova, Monika"]
[Black "Skliarov, Viktor"]
[Result "0-1"]
[WhiteTitle "WFM"]
[BlackTitle "IM"]
[WhiteElo "2133"]
[BlackElo "2353"]
[WhiteFideId "14909626"]
[BlackFideId "14106736"]
[EventDate "2017.12.16"]

1. e4 c5 2. Nf3 Nc6 3. d4 cxd4 4. Nxd4 Nf6 5. Nc3 e5 6. Ndb5 d6 7. Bg5 a6 8. Na3
b5 9. Bxf6 gxf6 10. Nd5 f5 11. exf5 Bxf5 12. c3 Bg7 13. Nc2 O-O 14. Nce3 Be6 15.
Bd3 f5 16. O-O Ra7 17. a4 bxa4 18. Rxa4 a5 19. Qh5 e4 20. Bb5 Ne7 21. Nxe7+ Rxe7
22. Rd1 Be5 23. Bc4 Bxc4 24. Nxc4 Qc7 25. Qe2 Rg7 26. Rxa5 Bxh2+ 27. Kxh2 d5+
28. Kg1 dxc4 29. Rd4 Qxa5 0-1

[Event "European Rapid 2017"]
[Site "Katowice POL"]
[Date "2017.12.16"]
[Round "4.80"]
[White "Sakalauskas, Vaidas"]
[Black "Krasenkova, Ilena"]
[Result "1-0"]
[WhiteTitle "IM"]
[BlackTitle "WIM"]
[WhiteElo "2351"]
[BlackElo "2123"]
[WhiteFideId "12800457"]
[BlackFideId "4119037"]
[EventDate "2017.12.16"]

1. d4 Nf6 2. c4 g6 3. Nc3 c6 4. e4 d6 5. Nf3 Bg7 6. Be2 a5 7. O-O O-O 8. Bg5 h6
9. Bh4 Qc7 10. Qc2 Na6 11. a3 Rb8 12. Rac1 Nh5 13. Rfd1 Nf4 14. Qd2 Nxe2+ 15.
Qxe2 Bg4 16. h3 Bxf3 17. Qxf3 Qd7 18. Qe3 b5 19. cxb5 cxb5 20. Nd5 g5 21. Bg3 e6
22. Nc3 b4 23. axb4 Rxb4 24. Qe2 Nc7 25. d5 e5 26. f3 Rfb8 27. Rc2 Nb5 28. Nxb5
R4xb5 29. Be1 Qa7+ 30. Kh2 Qd7 31. Ra1 Qb7 32. Bc3 Bf8 33. Rxa5 Rxa5 34. Bxa5
Ra8 35. b4 f5 36. Rc7 Qb8 37. Qc4 Qe8 38. exf5 Qh5 39. Qg4 Qxg4 40. hxg4 Bg7 41.
Re7 Bf8 42. Rd7 Rb8 43. Bc7 Rb7 44. f6 Rxb4 45. Rd8 Rf4 46. Bxd6 Rxf6 47. Bxe5
Rg6 48. d6 Kf7 49. d7 Be7 50. Re8 Re6 51. Bc7 Bd8 52. Rxd8 Rc6 53. Rf8+ 1-0

[Event "European Rapid 2017"]
[Site "Katowice POL"]
[Date "2017.12.16"]
[Round "4.81"]
[White "Lintner, Igor"]
[Black "Kyc, Jerzy"]
[Result "1-0"]
[WhiteElo "2153"]
[BlackElo "2265"]
[WhiteFideId "14932970"]
[BlackFideId "1163922"]
[EventDate "2017.12.16"]

1. c4 Nf6 2. Nc3 g6 3. g3 d5 4. cxd5 Nxd5 5. Bg2 Nb6 6. Nf3 Bg7 7. O-O O-O 8. d3
Nc6 9. Be3 e5 10. a4 Nd4 11. a5 Nd7 12. Nd2 Rb8 13. Bxd4 exd4 14. Nb5 c6 15.
Nxa7 Re8 16. a6 Qb6 17. Nxc8 Rexc8 18. Nc4 Qc7 19. axb7 Rxb7 20. Na5 Rxb2 21.
Nxc6 Re8 22. Ra7 Qd6 23. Bf3 Nc5 24. Qc1 Rb6 25. Qc4 Ne6 26. Rfa1 Bf6 27. R1a6
Rxa6 28. Rxa6 Ng5 29. Ra7 Re6 30. Nb4 Nxf3+ 31. exf3 h5 32. Qc7 Re1+ 33. Kg2 Qe6
34. Qd7 h4 35. Qxe6 fxe6 36. Na6 Rc1 37. Nc7 Rc3 38. Nxe6 Rxd3 39. Nf4 Rd2 40.
Nxg6 h3+ 41. Kxh3 Rxf2 42. f4 d3 43. Rd7 d2 44. Ne5 Re2 45. Nf3 Bc3 46. Rd3 Rf2
47. Kg4 Kf7 48. Ng5+ Ke7 49. Ne4 Rxh2 50. Nxc3 Ke6 51. Ne4 Re2 52. Nxd2 1-0

[Event "European Rapid 2017"]
[Site "Katowice POL"]
[Date "2017.12.16"]
[Round "4.82"]
[White "Kozak, Antoni"]
[Black "Orndahl, Markus"]
[Result "0-1"]
[WhiteElo "2076"]
[BlackElo "2182"]
[WhiteFideId "21832030"]
[BlackFideId "1709135"]
[EventDate "2017.12.16"]

1. e4 c5 2. Nf3 d6 3. Bb5+ Nd7 4. d4 a6 5. Bxd7+ Bxd7 6. O-O cxd4 7. Qxd4 e5 8.
Qd3 Rc8 9. Nc3 h6 10. Rd1 Nf6 11. Nd2 Be6 12. Nf1 Be7 13. Ne3 O-O 14. Bd2 Qb6
15. b3 Qc6 16. Rac1 Rfd8 17. Ncd5 Bxd5 18. exd5 Qd7 19. c4 Re8 20. Nf5 Bf8 21.
Qf3 Qd8 22. Be3 Kh7 23. c5 dxc5 24. d6 Qd7 25. Nxh6 gxh6 26. Qxf6 Bg7 27. Qh4 b6
28. h3 a5 29. Qa4 Rcd8 30. Rd5 Re6 31. Qe4+ Kg8 32. Rcd1 Rg6 33. Kf1 Qb5+ 34.
Qc4 Qxc4+ 35. bxc4 Rd7 36. f4 exf4 37. Bxf4 Re6 38. Re1 Rxe1+ 39. Kxe1 Bd4 40.
Bxh6 f6 41. Bf4 Kf7 42. Rh5 Ke6 43. Rh8 Be5 44. Bxe5 Kxe5 45. Rh5+ Kd4 46. Rd5+
Kxc4 47. Rd2 b5 48. Kd1 b4 49. h4 a4 50. h5 b3 51. axb3+ axb3 52. h6 Kc3 53. h7
Rxh7 54. d7 Rh1+ 55. Ke2 Rh8 56. Kd1 Rd8 57. Kc1 c4 58. Rd6 b2+ 59. Kb1 Ra8 60.
Rd3+ 0-1

[Event "European Rapid 2017"]
[Site "Katowice POL"]
[Date "2017.12.16"]
[Round "4.83"]
[White "Olsen, Filip Boe"]
[Black "Janik, Igor"]
[Result "1-0"]
[WhiteTitle "FM"]
[BlackTitle "FM"]
[WhiteElo "2294"]
[BlackElo "2413"]
[WhiteFideId "1440640"]
[BlackFideId "1159259"]
[EventDate "2017.12.16"]

1. d4 d6 2. Nf3 g6 3. c4 Bg7 4. Nc3 Bg4 5. e3 c5 6. Be2 cxd4 7. exd4 Nc6 8. Be3
Nh6 9. d5 Bxf3 10. Bxf3 Ne5 11. Be2 Nf5 12. Bf4 O-O 13. O-O Rc8 14. Bxe5 Bxe5
15. Rc1 Qa5 16. Bd3 Nd4 17. Re1 Rc7 18. Qa4 Qxa4 19. Nxa4 Rfc8 20. Nc3 a6 21.
Ne2 b5 22. Nxd4 Bxd4 23. b3 b4 24. Re4 Bf6 25. g3 Rc5 26. Rc2 Ra8 27. Rc1 a5 28.
Bc2 Rac8 29. Rd1 a4 30. Kg2 axb3 31. Bxb3 R8c7 32. Rb1 Kf8 33. Rd1 Rc8 34. Re2
Ra5 35. Rb1 Bc3 36. Rc1 Re8 37. Rd1 Ra6 38. Rc1 e5 39. dxe6 fxe6 40. Rd1 Ke7 41.
Rd3 Rf8 42. Rde3 Rf6 43. h4 Bd4 44. Rd3 Bc5 45. Rdd2 Ra8 46. Rc2 Raf8 47. Rcd2
Rf3 48. Bd1 Rc3 49. Bb3 h6 50. Rc2 Rcf3 51. Rcd2 g5 52. hxg5 hxg5 53. Rc2 R3f6
54. Rcd2 Kf7 55. Bc2 Kg7 56. Ba4 R8f7 57. Bc2 Kh6 58. Ba4 g4 59. Bd1 Kg5 60. Rc2
Rf8 61. Rcd2 e5 62. Rc2 Kf5 63. Rcd2 Rh8 64. Bc2+ Kg5 65. Be4 Rfh6 66. Kg1 Rh3
67. Rd3 R3h6 68. Rdd2 Bd4 69. Bg2 Rf6 70. Bd5 Rh7 71. Be4 Ra7 72. Bd5 Ra3 73.
Kg2 Rf8 74. Rc2 Re8 75. Rcd2 Bc5 76. Rb2 Re7 77. Rbc2 Rea7 78. Rb2 R7a5 79. Be6
Ra7 80. Rbd2 Bd4 81. Rc2 Rc3 82. Bd5 Raa3 83. Rb2 Bc5 84. Rbc2 Rd3 85. Be6 Rac3
86. Rcd2 Rxd2 87. Rxd2 Rc1 88. Re2 Kf6 89. Bd5 Bd4 90. Rd2 Ke7 91. Re2 Kd7 92.
f3 Rg1+ 93. Kh2 gxf3 94. Bxf3 Kc7 95. Rd2 Rf1 96. Bd5 Kb6 97. Rc2 Kc5 98. Kh3
Be3 99. Rb2 Bd4 100. Re2 Bc3 101. g4 Kd4 102. g5 Kd3 103. Rg2 e4 104. g6 Bg7
105. Kg4 e3 106. Bf3 Rf2 107. Rxf2 exf2 108. Bg2 Ke2 109. Kf5 f1=Q+ 110. Bxf1+
Kxf1 111. Ke6 Bf8 112. Kf7 Bh6 113. Ke6 Bf8 114. Kf7 Be7 115. Kxe7 Ke2 116. Kxd6
Kd3 117. c5 Kc2 118. c6 Kb2 119. c7 Kxa2 120. g7 b3 121. g8=Q Ka3 122. Qg2 b2
123. Qc2 Ka2 124. Qa4+ Kb1 1-0

[Event "European Rapid 2017"]
[Site "Katowice POL"]
[Date "2017.12.16"]
[Round "4.84"]
[White "Bielczyk, Jacek"]
[Black "Mareckova, Martina"]
[Result "1-0"]
[WhiteTitle "IM"]
[BlackTitle "WFM"]
[WhiteElo "2279"]
[BlackElo "2132"]
[WhiteFideId "1100530"]
[BlackFideId "327930"]
[EventDate "2017.12.16"]

1. e4 e5 2. Nf3 Nc6 3. Bc4 Bc5 4. O-O d6 5. d3 Nf6 6. c3 Bb6 7. a4 a6 8. Nbd2
O-O 9. h3 Ne7 10. Re1 Ng6 11. Nf1 Be6 12. Bb3 c6 13. d4 Bxb3 14. Qxb3 Qc7 15.
Ng3 Rfe8 16. Be3 Ba7 17. Rad1 Nf4 18. Rd2 N4h5 19. Nxh5 Nxh5 20. dxe5 dxe5 21.
Bxa7 Rxa7 22. Qd1 Nf6 23. Nh4 Raa8 24. Nf5 Rad8 25. Rxd8 Rxd8 26. Qf3 Qd7 27.
Qg3 Ne8 28. Qxe5 f6 29. Qc5 g6 30. Ne3 Qd6 31. Qc4+ Kg7 32. Rd1 Qe7 33. Rxd8
Qxd8 34. Qb3 Qe7 35. f3 Nd6 36. Qb4 Qd7 37. Qd4 Qe7 38. Kf2 Ne8 39. b4 Nc7 40.
Nc4 Ne6 41. Qd6 Qxd6 42. Nxd6 b5 43. axb5 axb5 44. Ke3 Kf8 45. f4 Ke7 46. Nb7
Kd7 47. Nc5+ Nxc5 48. bxc5 g5 49. e5 Ke6 50. exf6 gxf4+ 51. Kxf4 Kxf6 52. g4 Ke6
53. g5 Kd5 54. h4 Kc4 55. h5 Kxc3 56. g6 hxg6 57. h6 1-0

[Event "European Rapid 2017"]
[Site "Katowice POL"]
[Date "2017.12.16"]
[Round "4.85"]
[White "Bakalarz, Mietek"]
[Black "Golsta, Madara"]
[Result "1-0"]
[WhiteTitle "IM"]
[WhiteElo "2266"]
[BlackElo "1778"]
[WhiteFideId "4000749"]
[BlackFideId "11607386"]
[EventDate "2017.12.16"]

1. d4 Nf6 2. Nf3 c5 3. d5 e6 4. Nc3 exd5 5. Nxd5 Nxd5 6. Qxd5 Be7 7. Bf4 O-O 8.
Rd1 Na6 9. c3 Nc7 10. Qh5 Ne6 11. Bd6 Bxd6 12. Rxd6 Qa5 13. a3 Qc7 14. Qe5 Qd8
15. e3 Re8 16. Bc4 Qe7 17. O-O Nd4 18. exd4 Qxe5 19. Nxe5 Re7 20. Nxf7 b5 21.
Bd5 Rb8 22. Ne5+ Kf8 23. b4 c4 24. Re1 Ke8 25. Re3 Kd8 26. Nf7+ Ke8 27. Ne5 Kd8
28. Nc6+ Kc7 29. Rxe7 Kxd6 30. Nxb8 Kxe7 31. f4 Kd6 32. Be4 Kc7 33. Nxd7 Bxd7
34. Bxh7 Kd6 35. Kf2 Bc6 36. h4 Ke6 37. g4 Kf7 38. Ke3 Bd7 39. f5 Bc6 40. Bg6+
Kf6 41. g5+ Ke7 42. Kf4 Bg2 43. h5 Bf1 44. h6 gxh6 45. gxh6 Kf6 46. h7 Kg7 47.
f6+ Kxf6 48. h8=Q+ Kxg6 49. Qe8+ Kf6 50. Qe5+ Kf7 51. Kg5 Bd3 52. Qf6+ Ke8 53.
d5 1-0

[Event "European Rapid 2017"]
[Site "Katowice POL"]
[Date "2017.12.16"]
[Round "4.86"]
[White "Saric, Ivan"]
[Black "Ozkan, Salih"]
[Result "1-0"]
[WhiteTitle "GM"]
[WhiteElo "2669"]
[BlackElo "1769"]
[WhiteFideId "14508150"]
[BlackFideId "34513434"]
[EventDate "2017.12.16"]

1. e4 e6 2. d4 d5 3. Nc3 Bb4 4. e5 Ne7 5. a3 Bxc3+ 6. bxc3 c5 7. Qg4 Qc7 8. Qxg7
Rg8 9. Qxh7 cxd4 10. Ne2 dxc3 11. f4 Nbc6 12. h4 Nxe5 13. fxe5 Qxe5 14. Bf4 Qf6
15. Bg5 Rxg5 16. hxg5 Qxg5 17. Qh8+ Kd7 18. Qxc3 b6 19. Nd4 a6 20. Nf3 Qg3+ 21.
Kd2 Nc6 22. Rh7 Qf4+ 23. Qe3 Qf6 24. Rb1 b5 25. Qg5 Qxg5+ 26. Nxg5 e5 27. Nxf7 1-0

[Event "European Rapid 2017"]
[Site "Katowice POL"]
[Date "2017.12.16"]
[Round "4.87"]
[White "Gonsior, Monika"]
[Black "Aleksandrov, Aleksej"]
[Result "0-1"]
[BlackTitle "GM"]
[WhiteElo "2004"]
[BlackElo "2589"]
[WhiteFideId "1110276"]
[BlackFideId "13500139"]
[EventDate "2017.12.16"]

1. e4 e5 2. Nc3 Nf6 3. Bc4 Nxe4 4. Qh5 Nd6 5. Bb3 Be7 6. Qxe5 O-O 7. Nge2 Nc6 8.
Qf4 Bg5 9. Qf3 Na5 10. O-O Ndc4 11. d3 Nxb3 12. axb3 Nd2 13. Bxd2 Bxd2 14. Ne4
Bh6 15. N2g3 d5 16. Nc3 c6 17. Nf5 Bg5 18. Rfe1 g6 19. Nd4 Bd7 20. b4 Qb6 21.
Nce2 Qxb4 22. c3 Qd6 23. b4 Rfe8 24. Ng3 Rxe1+ 25. Rxe1 Bd2 26. Re2 Bxc3 27. Nc2
Bg7 28. Qe3 b6 29. d4 h5 30. Qa3 a5 31. Re3 h4 32. Ne2 Bf5 33. bxa5 Qxa3 34.
Nxa3 Rxa5 35. Rb3 Bf8 36. Nb1 Ra1 37. Nc3 b5 0-1

[Event "European Rapid 2017"]
[Site "Katowice POL"]
[Date "2017.12.16"]
[Round "4.88"]
[White "Parol, Pawel"]
[Black "Fedorov, Alexei"]
[Result "1/2-1/2"]
[BlackTitle "GM"]
[WhiteElo "2108"]
[BlackElo "2573"]
[WhiteFideId "1119826"]
[BlackFideId "13500465"]
[EventDate "2017.12.16"]

1. d4 Nf6 2. c4 g6 3. g3 c5 4. Nf3 Qa5+ 5. Nc3 Bg7 6. Bd2 cxd4 7. Nxd4 Qc5 8. e3
Nc6 9. Nb3 Qf5 10. Bg2 Ne5 11. O-O Nxc4 12. Nd4 Qd3 13. Ncb5 O-O 14. Bc3 Qxd1
15. Rfxd1 a6 16. Nc7 Ra7 17. b3 b6 18. Ndb5 axb5 19. Nxb5 Ra6 20. bxc4 Ra4 21.
Bf1 Ne4 22. Bd4 d6 23. Bd3 Nc5 24. Be2 Be6 25. Nc3 Ra3 26. Nb5 Ra5 27. Nc7 Rc8
28. Nxe6 fxe6 29. Rab1 Rxa2 30. Bg4 Kf7 31. Rxb6 h5 32. Bf3 Rc2 33. Rb4 Nd7 34.
Rb7 Ne5 35. Bxe5 Bxe5 36. Rb4 R2xc4 37. Rxc4 Rxc4 38. h4 Rc2 39. Be4 Rb2 40. Kf1
d5 41. Bf3 Bd6 42. Re1 Kf6 43. Re2 Rb1+ 44. Re1 Rb4 45. Rd1 Rb2 46. Re1 Bc5 47.
Re2 Rb3 48. Kg2 Ke5 49. Rc2 Bd6 50. Be2 Kf6 51. Bf3 Rb5 52. Be2 Ra5 53. Bf3 e5
54. Rd2 e4 55. Be2 Ke5 56. Rb2 e6 57. Rd2 Bc5 58. Rb2 Ra3 59. Rc2 Kd6 60. Rd2
Bb4 61. Rb2 Kc5 62. Rc2+ Bc3 63. g4 hxg4 64. Bxg4 e5 65. h5 gxh5 66. Bxh5 d4 67.
Bg6 d3 68. Rc1 d2 69. Rd1 Ra1 70. Rxa1 Bxa1 71. Bh5 Kc4 72. Kf1 Kc3 73. Bd1 Kb2
74. Ke2 Kc1 75. Ba4 Bc3 76. Bb3 Ba5 77. Ba4 Bd8 78. Bb3 Bh4 79. Ba4 Bxf2 80. Bb3
Bxe3 81. Ba4 Bd4 82. Bb3 e3 83. Ba4 1/2-1/2